MARC

Tag First Indicator Second Indicator Subfields
LEADER 00000cam a2200000Ia 4500
001 in00002458366
005 20210727085243.0
006 m d
007 cr cn|||||||||
008 081017s2006 gw a sb 001 0 eng d
020 |a 3540294716 
020 |a 9783540294719 
035 |a (OCoLC)262692416 
035 |a (OCoLC)ocn262692416 
035 |a 3072626 
037 |a 978-3-540-25041-8  |b Springer  |n http://www.springerlink.com 
040 |a GW5XE  |b eng  |c GW5XE  |d UtOrBLW 
049 |a TEFA 
050 1 4 |a R895  |b .P632 2006eb 
060 1 4 |a 2005 M-255 
060 1 4 |a WN 105  |b P742r 2006 
072 7 |a R  |2 lcco 
082 0 4 |a 612  |2 22 
100 1 |a Podgoršak, E. B.  |q (Ervin B.)  |0 http://id.loc.gov/authorities/names/n2005184556 
245 1 0 |a Radiation physics for medical physicists /  |c E.B. Podgoršak. 
264 1 |a Berlin ;  |a New York :  |b Springer,  |c [2006] 
264 4 |c ©2006 
300 |a xxi, 437 pages :  |b illustrations 
336 |a text  |b txt  |2 rdacontent 
337 |a computer  |b c  |2 rdamedia 
338 |a online resource  |b cr  |2 rdacarrier 
490 1 |a Biological and medical physics, biomedical engineering,  |x 1618-7210 
500 |a Electronic resource. 
504 |a Includes bibliographical references (pages [359]-360) and index. 
533 |a Electronic reproduction.  |b New York :  |c Springer,  |d 2008.  |n Mode of access: World Wide Web.  |n System requirements: Web browser.  |n Title from title screen (viewed on Oct. 10, 2008).  |n Access may be restricted to users at subscribing institutions. 
650 1 2 |a Radiation, Ionizing.  |0 https://id.nlm.nih.gov/mesh/D011839 
650 2 2 |a Health Physics  |x methods.  |0 https://id.nlm.nih.gov/mesh/D006283Q000379 
650 0 |a Medical physics.  |0 http://id.loc.gov/authorities/subjects/sh85083001 
650 0 |a Medical radiology.  |0 http://id.loc.gov/authorities/subjects/sh85110777 
650 6 |a Physique médicale. 
650 6 |a Radiologie médicale. 
650 7 |a Física médica.  |2 larpcal 
655 7 |a Electronic books.  |2 local 
710 2 |a SpringerLink (Online service)  |0 http://id.loc.gov/authorities/names/no2005046756 
776 1 |c Original  |z 3540250417  |z 9783540250418  |w (DLC) 2005926673  |w (OCoLC)61765976 
830 0 |a Biological and medical physics, biomedical engineering.  |x 1618-7210  |0 http://id.loc.gov/authorities/names/n2003005491 
856 4 0 |u http://proxy.library.tamu.edu/login?url=https://dx.doi.org/10.1007/3-540-29471-6  |z Connect to the full text of this electronic book  |t 0 
856 4 2 |3 Contributor biographical information  |u http://www.loc.gov/catdir/enhancements/fy0814/2005926673-b.html  |t 0 
856 4 2 |3 Publisher description  |u http://www.loc.gov/catdir/enhancements/fy0663/2005926673-d.html  |t 0 
994 |a C0  |b TEF 
999 |a MARS 
999 f f |s aeaa7c63-9a2a-3d99-b47d-e54cf6eefc2e  |i 0ffba790-081c-3a41-a8a1-51fcc3396ae9  |t 0 
952 f f |a Texas A&M University  |b College Station  |c Electronic Resources  |d Available Online  |t 0  |e R895 .P632 2006eb  |h Library of Congress classification 
998 f f |a R895 .P632 2006eb  |t 0  |l Available Online